000 00492nam a2200205Ia 4500
008 160319s9999 xx 000 0 und d
020 _a9719234202
050 _bO58a 2001
100 _aOng, Bob
245 _aAbnkkbsnplako?! :
245 _bmga kuwentong chalk /
245 _cni Bob Ong.
260 _aMakati City :
260 _bVisual Print Enterprises,
260 _c2001
300 _a 135 p. :
300 _c18 cm.
650 _a Ong, Bob --
650 _xAnecdotes.
999 _c292307
_d292307